000 00452nam a22001937a 4500
003 MPLRDC
005 20220104144034.0
008 210129b ||||| |||| 00| 0 eng d
020 _a957-754-582-3
082 _a413.92 HXXX
100 _a黑须幸男
245 _a脚底按摩
_c
250 _a初版
260 _a
_b智慧大学
_c1999
300 _b
490 _a健康人生. 13
650 _a推拿; 按摩
942 _cBK
_o413.92 HXXX
999 _c45789
_d45779